000
00207 a2200109 4500
020
_a
9780679425137
041
_a
eng
100
_a
Le Carre, John
245
_a
The Night Manager
942
_c
BK
952
_7
1
999
_c
23388
_d
23388